000 nam a22 7a 4500
999 _c55413
_d55413
003 OSt
005 20220810153936.0
008 220810b xxu||||| |||| 00| 0 eng d
040 _cIIMT UNIVERSTY DELHI
100 _aGUPTA, R.L
245 _aMATRICS
260 _aMATRICS
_bMEERUT SHALINI
300 _a128
942 _2ddc
_c09